00499nam a2200181Ia 4500999001700000003000400017005001700021008004100038020001500079040001800094082001900112100002700131245005300158260004300211300000900254650001000263942004400273 c16208d16208OSt20200606115900.0190216s9999||||xx |||||||||||||| ||und|| a8126311355 cMESKC library a891.438bKEL/P1 aKelekar, Ravindra9172 0aPatjhar Mein Tootee Pattiyan /cRavindra Kelekar bBharathiya Jananipid,aNew Delhic2005 a104p aHindi cBK2ddch891.438iKEL/Pk891.438mKEL/P